Pädophilie : Eine Diskursgeschichte.

Bibliographic Details
Main Author: Kämpf, Katrin M.
Format: eBook
Language:German
Published: Bielefeld : transcript, 2021.
Edition:1st ed.
Series:Edition Kulturwissenschaft
Subjects:
Online Access:Click to View
LEADER 02832nam a22003853i 4500
001 EBC6956273
003 MiAaPQ
005 20231204023223.0
006 m o d |
007 cr cnu||||||||
008 231204s2021 xx o ||||0 ger d
020 |a 9783839455777  |q (electronic bk.) 
020 |z 9783837655773 
035 |a (MiAaPQ)EBC6956273 
035 |a (Au-PeEL)EBL6956273 
035 |a (OCoLC)1294386469 
040 |a MiAaPQ  |b eng  |e rda  |e pn  |c MiAaPQ  |d MiAaPQ 
100 1 |a Kämpf, Katrin M. 
245 1 0 |a Pädophilie :  |b Eine Diskursgeschichte. 
250 |a 1st ed. 
264 1 |a Bielefeld :  |b transcript,  |c 2021. 
264 4 |c {copy}2021. 
300 |a 1 online resource (319 pages) 
336 |a text  |b txt  |2 rdacontent 
337 |a computer  |b c  |2 rdamedia 
338 |a online resource  |b cr  |2 rdacarrier 
490 1 |a Edition Kulturwissenschaft 
505 0 |a Cover -- Inhalt -- Prolog -- 1. Einführung: Die letzten Perversen -- 2. Diskursgeschichte der Pädophilie -- 2.1 Pädophilia erotica im 19. Jahrhundert -- 2.1.1 Juristische, gerichtsmedizinische und psychiatrische Verhandlungen sexualisierter Gewalt gegenüber Kindern -- 2.1.2 Die ersten Pädophilen -- 2.1.3 Pädophilie, Bürgertum und Triebkontrolle -- 2.1.4 Kindheit, Jugend und Sexualität -- 2.1.5 Die Rezeption des Pädophilie-Konzepts in den frühen Sexualwissenschaften -- 2.1.6 Anfänge pädophiler Selbstkonzeptionen? -- 2.2 Nationalsozialismus und Pädophilie -- 2.2.1 Vom ›Kinderschänder‹ zum ›gefährlichen Sittlichkeitsverbrecher‹ -- 2.2.2 Sexualität und Devianz im Nationalsozialismus -- 2.2.3 ›Kinderschändung‹ und Bioherrschaft -- 2.2.4 Die NS-spezifische Verfolgung von Sexualdelikten gegen Kinder -- 2.3 Sozialistische Persönlichkeiten und revolutionäre Subjekte: DDR &amp -- BRD -- 2.3.1 DDR: Sexualität als Abgrenzungsmatrix zum Westen -- 2.3.2 BRD: Sexualität als Vehikel der Beschäftigung mit dem Faschismus -- 2.3.3 Revolutionäre Subjekte und der Wille zum Wissen -- 2.3.4 Neue Methoden - neue Wahrheiten? -- 2.3.5 Tragische Pädophile, gefährliche Fremde und ›sexueller Missbrauch‹ -- 3. Resümee und Ausblick: Pädophilie in der Technosecurity-Kultur -- Bibliografie -- Dank. 
588 |a Description based on publisher supplied metadata and other sources. 
590 |a Electronic reproduction. Ann Arbor, Michigan : ProQuest Ebook Central, 2023. Available via World Wide Web. Access may be limited to ProQuest Ebook Central affiliated libraries.  
655 4 |a Electronic books. 
776 0 8 |i Print version:  |a Kämpf, Katrin M.  |t Pädophilie  |d Bielefeld : transcript,c2021  |z 9783837655773 
797 2 |a ProQuest (Firm) 
830 0 |a Edition Kulturwissenschaft 
856 4 0 |u https://ebookcentral.proquest.com/lib/matrademy/detail.action?docID=6956273  |z Click to View